[Event "78th Armenian Chess Ch"]
[Site "Yerevan"]
[Date "2017.08.18"]
[Round "9"]
[White "Shahinyan, David"]
[Black "Kalashian, David"]
[Result "1/2-1/2"]
[WhiteElo "2428"]
[BlackElo "2389"]
[Annotator "TA"]
[PlyCount "242"]
[EventDate "2017.??.??"]
[EventCountry "ARM"]
[SourceTitle "playchess.com"]
[Source "ChessBase"]
[SourceQuality "1"]

{[%evp 22,242,55,37,59,59,61,56,67,64,55,66,53,53,96,57,76,47,62,48,69,32,36,28,25,53,45,0,0,0,0,0,0,0,0,0,124,-36,-41,-44,-50,-166,-163,-158,-53,-57,-48,-53,-52,-56,-47,-43,-43,-104,-69,-83,-85,-90,-61,-63,-62,-66,-57,-102,-111,-176,-164,-160,-150,-172,-35,-38,-36,-41,-41,-44,-34,-40,-29,-50,-45,-46,-45,-79,-78,-252,-234,-235,-242,-238,-206,-201,-193,-1145,-1137,-1095,-1095,-1016,-808,-714,-587,-552,-488,-411,-229,-197,-111,-111,-111,-111,-111,-111,-111,-109,0,-111,0,-111,-111,-111,-111,-111,-111,-111,-111,-111,0,-111,-111,-111,-109,-109,0,-111,-111,-111,-111,-111,-109,-109,-109,-109,-109,-111,-109,-109,-109,-109,-109,-109,-109,-109,-109,-109,-109,-109,-35,-35,-37,-64,-58,-58,-37,-51,-22,-22,-22,-22,-22,-23,-23,-22,0,-23,0,-37,0,-51,0,-23,0,-51,0,-37,0,-58,0,-48,-48,-58,-58,-58,-58,-58,-48,-48,0,0,0,-23,0,0,0,-20,-23,-71,-71,-71,-71,-71,-71,-71,-71,-71,-71,-71,-71,-71,-71,-71,-71,-71,-71]} 1. g3 g6 2. Bg2 Bg7 3. c4 Nf6 4. Nc3 O-O 5. e4 c5 6. d3 Nc6 7. Nge2 d6 8. O-O a6 9. a4 Ne8 {A36: Symmetrical English vs ...g6: 4 Bg2 Bg7} (9... Bd7 10. h3 Ne8 11. Be3 Nc7 12. d4 cxd4 13. Nxd4 Ne6 14. Nde2 Rb8 15. b3 Nc5 16. Rb1 Nb4 17. Qd2 {½-½ (29) Konovalov,N (2501)-Pustovoitova,D (2407) Moscow 2017}) 10. Be3 Nc7 11. d4 cxd4 12. Nxd4 {LiveBook: 4 Games} Ne5 13. b3 Ng4 14. Bc1 Ne6 15. Nde2 Nc5 $146 ({Predecessor:} 15... Qa5 16. Bd2 Bd7 17. h3 {½-½ (41) Kozganbayev,E (2284)-Gagare,S (2223) Chennai 2011}) 16. h3 Ne5 17. Be3 a5 18. Rb1 b6 19. f4 Ned3 20. Nd4 Bb7 21. Qe2 e5 22. Ndb5 exf4 23. gxf4 Qe7 24. Nd5 (24. Rbd1 $5 {[%cal Rd1d3]} Nb4 25. Rfe1 $11) 24... Bxd5 $1 25. cxd5 Rae8 {White should prevent ...f5.} 26. Rbd1 Nb4 27. e5 dxe5 28. f5 Nxb3 (28... Qf6 $11 {remains equal.}) 29. f6 $2 (29. d6 $1 $16 {[%cal Rd6e7]} Qh4 30. Bxb6) 29... Bxf6 $15 {...Qd8 is the strong threat.} 30. Bxb6 {[#] Threatens to win with Qf3.} Nd4 $1 31. Qf2 (31. Nxd4 $15 exd4 32. Qxe7 Bxe7 33. Bxd4) 31... Bh4 $19 32. Qb2 Nbc2 (32... Nxb5 $17 33. axb5 Rb8) 33. d6 Qd7 {aiming for ...Ne3.} 34. Nxd4 Nxd4 35. Bxd4 exd4 36. Qxd4 Bd8 37. Qc4 ({White should try} 37. Rd3 $15) 37... Re3 38. Qb5 Qe6 39. Qd5 Bb6 40. Kh2 Qd7 41. Qb5 Qd8 42. Rf3 Re6 43. d7 (43. Rfd3 $17) 43... Qc7+ 44. Kh1 Ba7 45. Bf1 {[#]} Bb8 (45... Rd8 $1 $19 46. Qd5 Bb8) 46. Qb2 $15 Rd6 47. Rxd6 Qxd6 48. Bb5 Bc7 49. Qg2 Kg7 50. Qb2+ f6 51. Qe2 Qd5 $36 {[%mdl 2048] White is under pressure.} 52. Kg1 Rf7 53. Rd3 $2 (53. Qd3 $17 Qg5+ 54. Kf1) 53... Bb6+ $19 54. Kh2 {[#]} Qc5 $1 {[%csl Gb6][%cal Rc5g1]} 55. Qe3 Qxe3 56. Rxe3 Rxd7 $1 57. Bxd7 $2 (57. Re2 Rd4 58. Re7+ Kh6 59. Kg2) 57... Bxe3 {[%mdl 4096] Endgame KB-KB} 58. Kg3 f5 59. Bb5 Kf6 60. Bc6 Bd2 61. Bb5 Be1+ 62. Kf3 Ke7 (62... Bb4 $142 63. Ke3 Bc5+ 64. Kd2 Kg5) 63. Kg2 h5 (63... g5 $19 64. Be2 Bb4) 64. Be2 Kf6 65. Bb5 Kf7 66. Be2 Kg7 67. Bb5 Kf7 (67... Bb4 $17 68. Kf2 Kf7 69. Bc4+ Kf6) 68. Bc4+ (68. Be2 $1 $11) 68... Ke7 69. Be2 $1 Bb4 70. Bd3 Bd6 71. Be2 Kf6 72. Bb5 Kf7 73. Bc4+ Ke7 74. Be2 $1 Bc7 75. Bd3 Kd6 76. Bb5 Ke7 {Hoping for ...g5.} 77. Bd3 $1 Bb8 78. Be2 Kf8 79. Bd3 Kg7 80. Bb5 Kh6 81. Be8 Kg5 82. Bd7 Kf6 83. Be8 h4 84. Kf3 g5 85. Bd7 Ke5 86. Bc8 Bc7 87. Bd7 Bd8 88. Bc8 g4+ (88... Be7 $17 89. Bd7 Bd6) 89. hxg4 $15 f4 90. Ba6 Bg5 91. Bf1 Kd4 92. Bb5 Kc3 93. Ke4 Kd2 94. Kf3 Ke1 95. Bc4 Bh6 96. Bb5 Bg5 97. Bc4 Kd2 98. Bb5 Kc3 99. Ke4 Kb4 ({Better is} 99... h3 $15 100. Kf3 Kd2) 100. Kf3 (100. Kf5 $5 {[%cal Rf5g5]} f3 101. Bf1 $17) 100... Kc5 101. Bf1 (101. Ke4 $11) 101... Kd4 (101... Kd5 $15) 102. Bg2 Ke5 103. Bf1 Bd8 (103... Kd5 $15) 104. Bg2 Bc7 105. Bf1 Kf6 106. Bh3 Bd6 107. Bf1 Ke5 108. Bh3 Kd4 109. Bf1 Kd5 110. Bg2 Kc5 111. Bf1 Kb4 112. Bb5 h3 {[%cal Bh4h3,Bh3h2][%mdl 32]} 113. g5 h2 {Black is better.} 114. Kg2 {[#]} f3+ $1 {[%mdl 512]} 115. Kh1 (115. Kxf3 h1=Q+) 115... Be5 116. g6 Kc3 117. Bc6 f2 {[%cal Rf2f1]} 118. Bb5 Kd2 {Strongly threatening ...Ke1.} 119. g7 Bxg7 {( -> ...Ke1)} 120. Kxh2 Ke1 121. Kg2 Bf6 {Precision: White = 58%, Black = 57%.} 1/2-1/2

[Event "78th Armenian Chess Ch"]
[Site "Yerevan"]
[Date "2017.08.18"]
[Round "9"]
[White "Torosyan, Norayr"]
[Black "Baghdasaryan, Vahe"]
[Result "1-0"]
[WhiteElo "2350"]
[BlackElo "2469"]
[Annotator "TA"]
[PlyCount "85"]
[EventDate "2017.??.??"]
[EventCountry "ARM"]
[SourceTitle "playchess.com"]
[Source "ChessBase"]
[SourceQuality "1"]

{[%evp 18,85,42,3,4,7,34,29,33,34,54,55,58,31,36,26,95,80,87,94,104,106,247,138,219,94,104,93,106,95,225,170,179,172,288,161,163,166,166,171,209,199,209,207,199,205,203,206,207,173,252,247,245,197,253,220,376,318,622,593,1005,1009,988,987,945,974,953,916,876,866]} 1. e4 c5 2. Nf3 d6 3. d4 cxd4 4. Nxd4 Nf6 5. Nc3 a6 6. h3 e6 7. g4 b5 8. Bg2 Bb7 9. O-O {B81: Sicilian Scheveningen: Keres Attack} Nfd7 10. f4 {LiveBook: 8 Games} (10. Re1 Be7 11. e5 d5 12. a4 b4 13. Nxd5 Bxd5 14. Bxd5 exd5 15. e6 O-O 16. exd7 Qxd7 {1-0 (44) Anand,V (2803)-Volokitin,A (2639) Berlin 2015}) 10... Nc6 11. Be3 {The position is equal.} Be7 12. e5 d5 13. Nce2 Nc5 $146 ({Predecessor:} 13... O-O 14. c3 Qc7 15. h4 Rac8 16. g5 Nxd4 17. Nxd4 {½-½ (44) Kubis,F (1996)-Raasch,W ICCF email 2013}) 14. Nxc6 Bxc6 15. Nd4 Bb7 16. f5 $36 {[%mdl 2048] White has good play.} exf5 (16... O-O $11) 17. gxf5 Bg5 18. Qc1 Bxe3+ 19. Qxe3 {Hoping for f6.} Ne4 (19... Qc7 $16) 20. e6 (20. f6 $1 $18 Qb6 21. fxg7) 20... Qg5 (20... Qb6 $16) 21. Qxg5 (21. Rf4 $18 {is more deadly.} Qf6 22. Bxe4 dxe4 23. exf7+ Kxf7 24. Qb3+ Ke7 25. Ne6) 21... Nxg5 $16 22. Rad1 Rc8 23. c3 f6 (23... Rf8 $16) 24. Nb3 {Strongly threatening h4.} g6 25. fxg6 Ke7 {[#]} (25... hxg6 $142 26. Rxf6 Ke7 27. Rxg6 Rcg8 28. Rxg8 Rxg8) 26. g7 (26. h4 $142 $1 {[%cal Rh4g5]} Nxe6 27. Rde1) 26... Rhg8 $18 27. Nd4 {Black must now prevent h4.} Rc7 28. Kh2 Rxg7 29. Nf5+ Kxe6 30. Nxg7+ Rxg7 31. h4 Ne4 {[#]} 32. Bh3+ $1 Kd6 33. Rg1 Rc7 (33... Re7 {is a better defense.} 34. Rg8 a5 35. Rd8+ Kc5) 34. Rg8 b4 35. cxb4 Rc4 (35... Rc2+ {was worth a try.} 36. Rg2 Rc7) 36. a3 d4 $2 (36... Rc2+ {keeps fighting.} 37. Kg1 Rxb2) 37. Bg2 Nf2 $2 (37... f5 38. Kg1 Ke5 39. Re8+ Kf6) 38. Rd8+ {White is clearly winning.} Ke5 39. Re1+ Be4 40. Bxe4 Nxe4 41. Re8+ Kd5 42. R8xe4 Rc2+ 43. R4e2 {Precision: White = 62%, Black = 34%.} 1-0

[Event "78th Armenian Chess Ch"]
[Site "Yerevan"]
[Date "2017.08.18"]
[Round "9"]
[White "Danielyan, Vahe"]
[Black "Hayrapetyan, Hovik"]
[Result "0-1"]
[WhiteElo "2344"]
[BlackElo "2502"]
[Annotator "TA"]
[PlyCount "58"]
[EventDate "2017.??.??"]
[EventCountry "ARM"]
[SourceTitle "playchess.com"]
[Source "ChessBase"]
[SourceQuality "1"]

{[%evp 15,58,18,40,12,47,43,66,80,69,51,44,39,59,44,62,43,89,16,23,-14,-29,-34,-45,-31,-16,-81,-97,-154,0,0,0,-752,-688,-735,-716,-741,-701,-688,-614,-750,-741,-715,-691,-831,-826]} 1. e4 c5 2. Nf3 e6 3. d4 cxd4 4. Nxd4 a6 5. Nc3 Qc7 6. Qf3 {B43: Sicilian: Kan Variation: 5 Nc3} Nc6 7. Be3 Nf6 8. O-O-O d6 {LiveBook: 39 Games} 9. Rg1 $146 ({Predecessor:} 9. Qg3 Bd7 10. f3 Rc8 11. Kb1 h5 12. Bd3 Ne5 13. f4 h4 14. Qe1 Nxd3 15. cxd3 b5 16. h3 Be7 17. Rc1 {½-½ (17) Zhigalko,S (2654)-Harikrishna,P (2740) Kocaeli 2015}) 9... Be7 (9... Ne5 $5 {[%cal Re5f3]} 10. Qg3 b5 $11) 10. g4 {[%cal Bg2g4,Bg4g5][%mdl 32]} O-O 11. g5 Nd7 12. Qh5 g6 $1 {[%cal Rg6h5]} 13. Qh6 Re8 $1 14. f4 Bf8 15. Qh4 Bg7 16. Bh3 (16. Qf2 $16) 16... Nb6 $11 17. Nxc6 {Threatens to win with Nd4.} Bxc3 18. Bd4 Bxd4 19. Nxd4 e5 20. Nf5 (20. fxe5 $11 {remains equal.} dxe5 21. Nb3) 20... gxf5 $17 21. exf5 {[#]} (21. Bxf5 $142 Bxf5 22. exf5) 21... Nc4 $2 ({Better is} 21... exf4 $1 $17 {Hoping for ...Re2.} 22. Qxf4 Re2) 22. g6 $11 fxg6 23. Rxg6+ $2 {[%mdl 8192]} (23. fxg6 $11 h6 24. f5) 23... hxg6 $19 {Black is clearly winning.} 24. Rg1 Re7 {White must now prevent ...Rg7.} 25. Rxg6+ Rg7 26. Rxg7+ Qxg7 27. Qd8+ Kf7 {( -> ...Qg1+)} 28. Qc7+ {[#]} Bd7 $1 29. Bf1 (29. Qxd7+ Kf8) 29... Ke7 {Precision: White = 36%, Black = 55%.} 0-1

[Event "78th Armenian Chess Ch"]
[Site "Yerevan"]
[Date "2017.08.18"]
[Round "9"]
[White "Manukyan, Sargis A"]
[Black "Harutjunyan, Gevorg"]
[Result "1-0"]
[WhiteElo "2233"]
[BlackElo "2454"]
[Annotator "TA"]
[PlyCount "117"]
[EventDate "2017.??.??"]
[EventCountry "ARM"]
[SourceTitle "playchess.com"]
[Source "ChessBase"]
[SourceQuality "1"]

{[%evp 15,116,22,30,31,31,39,43,35,82,29,21,10,49,37,37,8,30,17,39,25,60,70,195,202,214,209,210,160,158,156,140,105,121,68,72,68,68,68,68,65,125,74,89,84,148,119,160,131,236,156,181,168,179,119,131,115,113,101,130,56,97,84,95,27,85,28,36,0,0,-114,-78,-52,-68,-105,-159,-166,-194,-274,-254,-233,-253,-387,-371,-472,-468,-401,-262,-275,-250,0,169,-208,-219,-864,-838,-809,0,0,1010,0,0,0,29999]} 1. d4 Nf6 2. c4 g6 3. Nc3 Bg7 4. Nf3 O-O 5. Bg5 c6 6. e3 d6 7. Be2 Nbd7 8. h3 a6 {LiveBook: 12 Games} 9. a4 {E61: King's Indian: Early deviations for White, including Smyslov System} a5 10. O-O h6 11. Bf4 {White is slightly better.} Ne8 $146 ({Predecessor:} 11... Re8 12. Bh2 Qb6 13. Qc2 Nb8 14. e4 Na6 15. Rfe1 Nb4 16. Qd2 Nd7 {½-½ (32) Villamayor,B (2474)-Iswana,A (2180) Bali 2000}) 12. Bh2 (12. e4 $16) 12... Nc7 $11 13. Qd2 b6 14. Rab1 Bb7 15. b4 axb4 16. Rxb4 Ra5 17. Rfb1 Qa8 18. c5 Nxc5 (18... Rc8 $14) 19. dxc5 $18 Bxc3 20. Qxc3 Nd5 21. Qb3 Nxb4 22. Qxb4 Rxc5 23. Qxb6 Bc8 24. Qb4 (24. e4 $16) 24... Ba6 $14 25. Bf1 Bxf1 26. Rxf1 (26. Kxf1 Ra5 $15) 26... Qa7 27. e4 Qa5 (27... Rb8 $14 28. Qd2 Qxa4) 28. Qb7 (28. Qb3 $142) 28... e5 $16 29. Bg3 Qa8 (29... Qxa4 $142 30. Qe7 Qxe4) 30. Qb2 {Qd2 is the strong threat.} Rd8 31. Rd1 Kh7 (31... Qxa4 $16 32. Rxd6 Rxd6 33. Qb8+ Kh7 34. Qxd6 Rc1+ 35. Kh2 Qd1 36. Qxd1 (36. Bxe5 Qxd6 37. Bxd6 c5 $16) 36... Rxd1) 32. Qb4 {And now Rxd6! would win.} Qa7 33. Kh2 f6 34. Rb1 (34. Nd2 $18) 34... Rd7 35. Nh4 Ra5 36. Qc4 Rf7 37. Qe6 (37. f3 $16) 37... Qd7 38. Qb3 d5 39. Rc1 (39. f3 $16) 39... Ra7 (39... dxe4 $11 40. Rxc6 Ra7) 40. exd5 ({White should try} 40. f4 $16) 40... cxd5 $11 41. Qb1 e4 42. f4 (42. a5 $11 {keeps the balance.}) 42... Rb7 43. Qc2 f5 44. Bf2 g5 45. fxg5 hxg5 46. Qe2 (46. Qd1 {was worth a try.} Qd6+ 47. Kg1 gxh4 48. Bd4) 46... Qd6+ $1 $19 (46... gxh4 47. Qh5+ Kg8 48. Bd4 $14) 47. Kg1 ({But not} 47. Bg3 $2 f4 $19) 47... gxh4 48. Bd4 (48. a5 {is the only way for White.}) 48... Qh6 49. Qf1 Rb4 50. Be5 {intending Rc8.} Qe3+ 51. Kh2 {Black must now prevent Rc7.} f4 ({Don't blunder} 51... Rxa4 $2 52. Rc7 $18) 52. Rc8 {[#]} Kg6 $2 {[#]} (52... Rg7 $1 $11 {and Black has nothing to worry.} 53. Rc3 (53. Bxg7 Kxg7) 53... Qb6) 53. Rg8+ $4 {[%mdl 8192]} (53. Qd1 $1 $18 {[%cal Rd1g4] is the narrow road to win. Qg4+ would kill now.} Qg3+ 54. Kh1) 53... Kf5 54. Bh8 $2 (54. Bd6 Rb2 55. Qd1) 54... f3 55. Rg4 Rc4 $2 ({Black should play} 55... Rc7 $19 {( -> ...Rc1)} 56. Qa6 Qb6 57. Qxb6 Rxb6 58. gxf3 exf3) 56. Qa1 $1 $40 {[%csl Gh8][%cal Ra1e5][%mdl 128] [#] White attacks.} d4 $2 {[%mdl 8192]} (56... Rc3 $1 $11 {[%mdl 512]} 57. Bxc3 (57. Qxc3 Qxc3) 57... f2) 57. Qb1 $2 ({Only move:} 57. Qb2 $18 {Intending Qb5+ and mate.} Ke6 58. Qb5) 57... d3 58. Qb8 $1 {[%csl Gh8][%cal Rb8e5]} fxg2 $2 {[%mdl 8192]} (58... Qc5 $11 59. Rf4+ Ke6) 59. Qe5# {Precision: White = 36%, Black = 42%.} 1-0

[Event "78th Armenian Chess Ch"]
[Site "Yerevan"]
[Date "2017.08.18"]
[Round "9"]
[White "Mkrtchyan, Eduard"]
[Black "Harutyunian, Tigran K"]
[Result "0-1"]
[WhiteElo "2203"]
[BlackElo "2513"]
[Annotator "TA"]
[PlyCount "110"]
[EventDate "2017.??.??"]
[EventCountry "ARM"]
[SourceTitle "playchess.com"]
[Source "ChessBase"]
[SourceQuality "1"]

{[%evp 22,110,-17,-35,-1,-27,-14,-20,-20,-50,-13,-13,-12,-45,-9,-13,-16,-15,-17,-22,0,0,0,0,0,-8,0,0,62,-118,-135,-172,-170,-163,-160,-144,-158,-166,-137,-144,-149,-154,-82,-120,-73,-40,0,0,0,0,0,-13,0,0,6,0,6,2,2,0,0,-4,0,0,-6,-11,-4,-9,0,-79,-44,-30,-14,-64,0,0,0,0,0,-116,-117,-219,-226,-992,-989,-981,-956,-943,-930,-29981,-29982]} 1. d4 Nf6 2. c4 e6 3. Nf3 d5 4. Nc3 c6 5. cxd5 exd5 6. Bg5 Be7 7. Qc2 g6 8. e3 Bf5 9. Bd3 Bxd3 10. Qxd3 O-O 11. h4 {D36: Queen's Gambit Declined: Exchange Variation: Main line (5 Bg5 c6 6 Qc2)} (11. O-O Nbd7 12. h3 Re8 13. Bf4 a5 14. Qc2 Nb6 15. Rfe1 Ne4 16. Nxe4 dxe4 17. Nd2 f5 18. a3 a4 19. Bh2 Qd5 20. Rac1 Rec8 21. Nb1 {0-1 (68) Leitao,R (2649)-Shirov,A (2709) Tromsoe 2014}) 11... Nbd7 12. O-O-O {LiveBook: 4 Games} Ng4 $146 ({Find the theoretical novelty and annotate with similar games:} 12... Re8 13. Nd2 a5 14. f3 a4 15. g4 a3 16. b3 Nf8 17. Bf4 Ne6 18. Be5 Nd7 {0-1 (35) Tahirov,F (2452)-Miton,K (2604) Warsaw 2008}) 13. Rdf1 {The position is equal.} h5 14. Ne2 Re8 15. Kb1 a5 16. Nf4 {And now Nxg6! would win.} Kg7 17. Rh3 Nf8 {Strongly threatening ...f6.} 18. Bxe7 Qxe7 19. Ng5 a4 20. Rf3 Nf6 21. a3 Ra5 22. Qc2 Rb5 23. Ka2 Ra8 24. Re1 Ra6 (24... N8d7 $11) 25. e4 $2 (25. Nd3 $1 $14) 25... dxe4 $17 {Threatens to win with ...Rab6.} 26. Nxe4 Rab6 27. Nd3 Nxe4 28. Rfe3 Qe6+ 29. Kb1 Qb3 ({Resist} 29... f5 30. f3 $17) 30. Rxe4 Qxa3 $1 31. Re7 Rf5 (31... Rb3 $142 32. Kc1 Qd6) 32. f3 Qb3 33. Nc5 Qb4 {...a3 is the strong threat.} 34. Nxa4 Rbb5 35. Nc3 Ra5 36. R1e4 Qc4 (36... Rf6 {looks sharper.} 37. Qe2 Qb3 38. Qd1 Qxd1+ 39. Nxd1 Ne6) 37. Qe2 Qxe2 38. Rxe2 b5 39. Rb7 Ra8 40. d5 cxd5 41. Rxb5 Rf4 42. Nxd5 Rxh4 {White should prevent ...Ne6.} 43. Rb7 Rd8 44. Nc3 Rd6 45. b4 (45. Ree7 $11 {keeps the balance.} Rf4 46. Ne4) 45... Ne6 46. Ne4 Rd1+ 47. Ka2 Nd4 (47... Rh2 $1 $15 48. Rf2 h4) 48. Rf2 $1 $11 Rhh1 49. Nc3 Rd3 50. Kb2 {[#]} (50. Rc7 $1 $11) 50... h4 $1 $17 {[%cal Bh5h4,Bh4h3,Bh3g2][%mdl 32]} 51. b5 {[#]} (51. Rd7 $17 {was worth a try.}) 51... Rh2 $1 $19 {White must now prevent ...h3.} 52. Re7 $2 (52. Ne4 Rb3+ 53. Ka2 Rxb5 54. Rxb5 Nxb5 55. Rd2) 52... h3 53. Re1 {[#]} Rxf3 $1 {[%mdl 512]} 54. Rxf3 (54. gxf3 Rxf2+) 54... Nxf3 55. b6 hxg2 {Precision: White = 53%, Black = 47%.} 0-1

[Event "78th Armenian Chess Ch"]
[Site "Yerevan"]
[Date "2017.08.19"]
[Round "10"]
[White "Petrosyan, Manuel"]
[Black "Danielyan, Vahe"]
[Result "1/2-1/2"]
[WhiteElo "2565"]
[BlackElo "2344"]
[Annotator "TA"]
[PlyCount "69"]
[EventDate "2017.??.??"]
[EventCountry "ARM"]
[SourceTitle "playchess.com"]
[Source "ChessBase"]
[SourceQuality "1"]

{[%evp 16,69,34,22,39,20,58,24,24,28,27,11,35,37,37,27,27,35,32,38,64,76,68,69,52,22,25,30,47,37,82,29,29,6,36,28,16,18,103,106,112,103,106,108,114,84,100,0,0,0,0,0,0,0,0,0]} 1. d4 d5 2. Nf3 Nf6 3. c4 dxc4 4. e3 e6 5. Bxc4 a6 6. O-O Nbd7 {D26: Queen's Gambit Accepted: 4 e3 e6 5 Bxc5 c5 sidelines} (6... c5 7. Bb3 Be7 8. Nc3 O-O 9. Qe2 cxd4 10. exd4 Nc6 11. Rd1 Na5 12. Bc2 b5 13. Bg5 Bb7 14. d5 exd5 15. Nd4 g6 16. Qf3 Ne4 17. Bh6 Re8 18. Nf5 Bf6 19. Bxe4 dxe4 {1-0 (29) Mamedyarov,S (2747)-Dominguez Perez,L (2732) Huaian 2016}) 7. b3 b5 8. Be2 Bb7 9. Bb2 {LiveBook: 13 Games} Bd6 10. a4 bxa4 $146 ({Find the theoretical novelty and annotate with similar games:} 10... b4 11. Nbd2 O-O 12. Nc4 Ne4 13. Nfe5 f5 14. f3 Nef6 15. Bd3 {1-0 (39) Logothetis,S (2158)-Trivizas,M (2078) Glyfada 1999}) 11. bxa4 O-O 12. Nbd2 c5 13. Nc4 Bc7 14. Rc1 Re8 15. Nfe5 cxd4 16. Qxd4 Nxe5 17. Nxe5 Bxe5 18. Qxe5 Qd2 19. Bc4 Qb4 20. Bd4 Rac8 21. Bd3 Qb3 22. Be2 {Strongly threatening Rb1.} Qxa4 23. Qg3 ({Better is} 23. Qg5 $16 h6 24. Qg3) 23... Kh8 $1 $11 24. Rb1 $36 {[%mdl 2048] White is more active.} Qd7 (24... e5 $5) 25. Rfd1 Qe7 26. Be5 Red8 (26... Be4 $11 {remains equal.}) 27. Bd6 $1 $16 {[%cal Rd6e7]} Qe8 {Threatens to win with ...Ne4.} 28. Rxb7 {Bf3 is the strong threat.} Ne4 {[#]} 29. Qe5 $1 {[%cal Re5e4]} Nc3 {And now ...f6 would win.} 30. Bh5 Nxd1 {[#]} 31. Rxf7 (31. h3 $1 $16) 31... Qxf7 $11 {The position is equal.} 32. Bxf7 Rc1 {[%cal Rd1e3]} 33. h3 $1 ({Don't go for} 33. f3 $2 Nb2+ 34. Kf2 Nd3+ 35. Kg3 Nxe5 $19) 33... Nxe3+ $1 34. Kh2 Nf1+ 35. Kg1 {Precision: White = 46%, Black = 69%.} 1/2-1/2

[Event "78th Armenian Chess Ch"]
[Site "Yerevan"]
[Date "2017.08.19"]
[Round "10"]
[White "Harutyunian, Tigran K."]
[Black "Mikaelyan, Arman"]
[Result "0-1"]
[WhiteElo "2513"]
[BlackElo "2486"]
[Annotator "TA"]
[PlyCount "162"]
[EventDate "2017.??.??"]
[EventCountry "ARM"]
[SourceTitle "playchess.com"]
[Source "ChessBase"]
[SourceQuality "1"]

{[%evp 14,162,31,31,29,23,30,30,42,28,34,32,30,22,34,12,19,24,30,22,14,16,31,21,34,37,39,37,38,20,24,16,20,-2,37,28,38,37,26,35,39,34,39,20,28,21,34,16,22,10,25,14,32,20,20,0,0,0,0,0,0,0,-12,-12,0,-31,-33,-22,-2,-16,0,-33,0,0,0,0,4,2,1,0,0,0,0,0,0,0,0,0,0,0,0,0,0,0,0,0,0,0,0,0,0,0,0,0,0,0,0,0,0,0,0,-12845,-12839,-12841,-12841,-12847,-12847,-12848,-12848,-12849,-12849,-12851,-29977,-12851,-29978,-12851,-29975,-12851,-29974,-12851,-29942,-12851,-29964,-12851,-29968,-12851,-29982,-12851,-29986,-29986,-29987,-29987,-29988,-29988,-29989,-29989,-29990,-29990,-29991,-29991,-29992]} 1. Nf3 Nf6 2. c4 c6 3. d4 d5 4. e3 e6 5. b3 c5 6. Bb2 {D30: Queen's Gambit Declined: Systems without Nc3} (6. cxd5 Nxd5 7. Bb2 cxd4 8. Nxd4 e5 9. Nf3 Nc6 10. Bc4 Bb4+ 11. Nbd2 Nb6 12. Bb5 Qd5 13. Bxc6+ bxc6 14. Bxe5 Bg4 15. Bc7 O-O 16. a3 Bxf3 17. axb4 Bxd1 {0-1 (17) So,W (2810)-Duda,J (2707) Leon 2017}) 6... cxd4 7. Nxd4 Bb4+ 8. Nd2 {LiveBook: 3 Games. White is slightly better.} O-O 9. a3 Bd6 10. cxd5 $146 ({Predecessor:} 10. Rc1 b6 11. Bd3 a6 12. cxd5 exd5 13. Qc2 Bb7 {0-1 (37) Voegeli,M-Dal Pra,R Basel 2001}) 10... exd5 11. Be2 Nc6 12. O-O Qe7 13. N2f3 a6 14. Qc2 Nxd4 15. Bxd4 ({Don't play} 15. exd4 Ne4 $17) 15... Ne4 16. Qb2 f6 17. b4 Be6 18. Rfc1 Bf7 19. Ne1 Bb8 20. Nd3 Re8 21. b5 axb5 22. Qxb5 Be5 23. Bf1 (23. Bc5 {looks sharper.} Nxc5 24. Nxe5 Qxe5 25. Qxc5 d4 26. Bb5) 23... Nd6 ({Much worse is} 23... Rxa3 $6 24. Bc5 $16) 24. Qb4 Bxd4 25. Qxd4 Nf5 26. Qb2 Ra4 27. Nb4 Rea8 28. Rd1 R4a5 29. Nc2 Nd6 30. Rab1 R8a7 31. Qd4 h5 32. Qb4 Bg6 33. Rb2 (33. Rbc1 {with more complications.} Bf7 34. Nd4 Qd7 35. Bd3 Ra4 36. Qb6) 33... Qe5 34. Qd4 (34. Be2 {seems wilder.} Ra4 35. Qb3 R4a5 36. Ra2 Be8 37. Bf3) 34... Qxd4 35. Rxd4 Rc5 36. Bd3 Bf7 37. h3 Nc4 38. Rb3 Rca5 (38... Ne5 $5 {[%cal Re5d3]} 39. Nb4 g6 $11) 39. Bxc4 dxc4 40. Rb6 R5a6 41. Rb5 Ra5 42. Rb6 Rd5 (42... Rc5 {is more complex.} 43. Rd8+ Kh7 44. f3 c3 45. e4 Bc4) 43. Rxd5 Bxd5 $11 {[%mdl 4096] Endgame KRB-KRN} 44. f3 Kf7 45. Rb5 Bc6 46. Rc5 Ba4 47. Rc7+ Ke6 48. Rxc4 Bxc2 $1 49. Rxc2 Rxa3 {KR-KR} 50. Rb2 Ra7 51. Kf2 h4 52. f4 Kd5 53. Kf3 Kc6 54. Kg4 b5 55. Kxh4 Re7 56. Re2 Kd5 {[#] aiming for ...b4.} 57. Kh5 b4 {And now ...b3 would win.} 58. Kg6 Kc4 {Threatens to win with ...Kd3.} 59. h4 Kd3 60. Rf2 b3 {[#] Strongly threatening ...Rb7.} ({Resist} 60... Kxe3 61. Rf3+ Kd2 62. g4 $15) 61. h5 Rb7 {White must now prevent ...b2.} (61... f5 $5) 62. g4 $2 {[%mdl 8192]} (62. g3 $11) 62... Kxe3 63. Rf1 b2 64. g5 b1=Q+ 65. Rxb1 Rxb1 66. f5 fxg5 {( -> ...g4)} 67. Kxg7 $19 {KR-KPP} g4 68. f6 g3 69. f7 g2 70. f8=Q g1=Q+ 71. Kh8 Qd1 72. Qe7+ Kf4 73. Qf6+ Kg4 74. h6 Rb8+ 75. Kh7 Qd3+ 76. Qg6+ {Black mates.} Qxg6+ 77. Kxg6 Rb6+ 78. Kg7 Kg5 79. h7 Rb7+ 80. Kg8 Kg6 {[%cal Rb7b8]} 81. h8=N+ Kf6 {Precision: White = 64%, Black = 67%.} 0-1